000 00549nam a22001937a 4500
003 OSt
005 20151028161008.0
008 130621t xxu||||| |||| 00| 0 eng d
022 _29780198314790
050 _aPL 342
_b.C941 2004
082 _aIB 418.0071
_bC87s 2004
100 _aCroft, Steven
245 _aSuccess in AQA language and literature /
_cSteven Croft and Robert Myers
260 _aNew York :
_bOxford University Press,
_cc2004
300 _av, 154 p. :
_bill. ;
_c25 cm.
562 _e1
942 _2lcc
_cBK
999 _c2953
_d2953